Statistiques concernant Départements les plus traversés par le Tour de France

Cliquez ici pour prendre le quiz!

Statistiques générales

  • Ce quiz a été pris 468 fois
    (216 depuis la dernière actualisation)
  • Le résultat moyen est 14 sur 22

Statistiques - réponses

#Départements visités% Correct
110Paris
93%
97Savoie
86%
88Haute-Savoie
84%
85Nord
74%
106Hautes-Pyrénées
73%
104Pyrénées-Atlantiques
73%
87Hautes-Alpes
72%
88Gironde
70%
84Isère
69%
74Ain
68%
76Pas-de-Calais
66%
84Yvelines
63%
69Alpes-de-Haute-Provence
61%
102Haute-Garonne
61%
75Hérault
53%
84Hauts-de-Seine
51%
76Gard
50%
82Landes
47%
74Aude
44%
74Ille-et-Vilaine
40%
76Somme
38%
74Loire-Atlantique
37%

Distribution des résultats

Percentile par nombre de réponses

% des personnes avec chaque résultat

Votre développement - résultats

Vous n’avez pas pris ce quiz depuis la dernière actualisation